000 01280nam a2200301 i 4500
003 EG-GICUC
005 20260512134727.0
008 260512s1961 ua ad||fr|||| 00| 0 ara d
040 _a EG-GICUC
_bara
_c EG-GICUC
_d EG-GICUC
_erda
041 0 _aara
082 0 4 _221
_a345.431
_bج م . ن
092 0 4 _221
099 _aLaw1 07 345.431 ج م . ن 1961
110 _aالجمهورية العربية المتحدة
_bاللجنة المركزية للإحصاء
_eمؤلف.
245 1 2 _aالنتائج التجميعية الإحصاء بحث العمالة ومستوى الأجور بالمحافظات :
_bدورة ابريل 1961/
_cالجمهورية العربية المتحدة اللجنة المركزية للإحصاء.
264 _a[مكان النشر غير محدد] :
_b[الناشر غير محدد],
_c1961.
300 _a174 ؛ صفحة
_c24 سم
_bإيضاحيات، جداول ؛
336 _2rda content
_atext
337 _2rda media
_aComputer
338 _2rda carrier
_aOnline Resource
546 _aالنص باللغة العربية
650 1 4 _aالقانون الإداري
_2qrmak
650 1 4 _2qrmak
651 1 _2qrmak
856 4 0 _uhttps://fll.law.cu.edu.eg/fulltext/bks/B00-00556.pdf
905 _a47
942 _2ddc
_n0
_cBK
_e21
999 _c76676
_d76676